Statistics for Nicki Minaj Songs

Click here to take the quiz!

General Stats

  • This quiz has been taken 20 times
    (14 since last reset)
  • The average score is 10 of 19

Answer Stats

YearPeakSongOther Feature Artist(s)% Correct
20201Say SoDoja Cat
92%
20201Trollz6ix9ine
85%
20164Side To SideAriana Grande
85%
20176MotorsportMigos & Cardi B
77%
20143Bang BangJessie J & Ariana Grande
77%
20183FEFE6ix9ine & Murda Beatz
69%
20125Starships
62%
20113Super Bass
54%
20142Anaconda
54%
20158Hey MamaDavid Guetta, Afrojack, & Bebe Rexha
54%
20124Turn Me OnDavid Guetta
46%
20135Beauty And A BeatJustin Bieber
46%
201810Chun-Li
46%
20178Rake It UpYo Gotti
38%
20113Till The World EndsBritney Spears & Ke$ha
31%
20106Bottoms UpTrey Songz
23%
20119Make Me ProudDrake
23%
201210Dance (A$$)Big Sean
23%
201210Give Me All Your Luvin'Madonna & M.I.A.
23%

Score Distribution

Percentile by Number Answered

Percent of People with Each Score

Your Score History

You have not taken this quiz since the last reset